Central Library OPAC University of Rajshahi

Interpreting literature : (Record no. 17587)

MARC details
000 -LEADER
fixed length control field 00764cam a22002531 4500
001 - CONTROL NUMBER
control field 17587
003 - CONTROL NUMBER IDENTIFIER
rucl marc code BD-RjUL
005 - DATE AND TIME OF LATEST TRANSACTION
control field 20211209000150.0
008 - FIXED-LENGTH DATA ELEMENTS--GENERAL INFORMATION
fixed length control field 140217t1966 ilu 001 0 eng
035 ## - SYSTEM CONTROL NUMBER
System control number (BD-RjUL)17645
System control number (OCoLC)283688
040 ## - CATALOGING SOURCE
Original cataloging agency DLC
Transcribing agency OHirC
Modifying agency OUrC
-- OCoLC
-- Uk
-- DLC
-- BD-RjUL
Language of cataloging eng
041 ## - LANGUAGE CODE
Language code of text/sound track or separate title eng
082 00 - DEWEY DECIMAL CLASSIFICATION NUMBER
Classification number 807
Author mark and year HII 1966
100 1# - MAIN ENTRY--PERSONAL NAME
Personal name Hill, Knox C.
9 (RLIN) 54214
245 10 - TITLE STATEMENT
Title Interpreting literature :
Remainder of title history, drama and fiction, philosophy, rhetoric /
Statement of responsibility, etc. by Knox C. Hill.
260 ## - PUBLICATION, DISTRIBUTION, ETC. (IMPRINT)
Place of publication, distribution, etc. Chicago :
Name of publisher, distributor, etc. University of Chicago Press,
Date of publication, distribution, etc. c1966.
300 ## - PHYSICAL DESCRIPTION
Pagination vii, 194 p. ;
Size 21 cm.
504 ## - BIBLIOGRAPHY, ETC. NOTE
Bibliography, etc includes index.
650 #0 - SUBJECT ADDED ENTRY--TOPICAL TERM
Topical term or geographic name as entry element Literature
General subdivision Study and teaching.
9 (RLIN) 54215
942 ## - ADDED ENTRY ELEMENTS (KOHA)
Source of classification or shelving scheme Dewey Decimal Classification
Koha item type Books
Holdings
Lost status Source of classification or shelving scheme Damaged status Not for loan Collection code Permanent Location Current Location Shelving location Date acquired Source of acquisition Cost, normal purchase price Total Checkouts Full call number Date last seen Copy number Koha item type
  Dewey Decimal Classification   Not For Loan Fiction Central Library, University of Rajshahi Central Library, University of Rajshahi Reading Room 03/03/1970 Ziet 45.00   807 HII 1966 17/02/2014 C-1 Books